| 000 | 00381nam a2200145Ia 4500 | ||
|---|---|---|---|
| 008 | 150201s2004 xx 000 0 und d | ||
| 082 |
_a617.601 _bD2004L |
||
| 100 | _aPETER ,LOCKHART | ||
| 245 | _aDENTAL CARE FOR MEDICALY COMPLY | ||
| 250 | _a5TH | ||
| 260 |
_bWRIGHT PUBLICATION _aOXFORD _c2004 |
||
| 300 | _a1- | ||
| 650 | _aPREVENTIVE AND COMMUNITY DENTISTRY | ||
| 942 |
_2ddc _cBK |
||
| 999 |
_c4763 _d4763 |
||